000 00428nam a2200157Ia 4500
008 230917s9999||||xx |||||||||||||| ||und||
040 _e24112
_aMAIN
041 _aEnglish
082 _a330.91 D553G(6)
100 _aDicken, Peter
245 0 _aGlobal shift: Mapping the changing contours of the world economy
250 _a6th ed.
260 _aLos Angeles
_bSage Publications
_c2011
300 _axxii, 606 p.
942 _cBK
999 _c61653
_d61653